| 000 | 00750cab a2200229 4500 | ||
|---|---|---|---|
| 001 | WB3306-41 | ||
| 008 | 090401t1997 xxu||||| |||| 00| 0 eng d | ||
| 035 | _a(Sirsi) u44063 | ||
| 041 | _aeng | ||
| 245 | _aDoomsday risk | ||
| 260 | _c1997 | ||
| 350 | _a0 | ||
| 490 |
_aFinancial Times _v4 February 1997, 13(2) |
||
| 520 | _aProfessional partnerships could be forced to go offshore to avoid the increasing risk of `Doomsday` or open claims, which, if proved, could wipe out a company. | ||
| 650 | _aDOOMSDAY CLAIMS | ||
| 650 | _aJOINT AND SEVERAL LIABILITY | ||
| 650 | _aPARTNERSHIPS | ||
| 650 | _aPROFESSIONAL INDEMNITY INSURANCE | ||
| 690 | _aMANAGEMENT-BUSINESS MANAGEMENT-PROFESSIONAL PRACTICE | ||
| 942 | _n0 | ||
| 948 | _c04/03/1997 | ||
| 999 |
_c28094 _d28094 |
||